LDR 01013naa#a2200169#i#450# 001 RU\\bibl\20316 005 20260701174517.3 100 ## _a20260630b2026####ek#y0rusy0150####ca 102 ## _aRU 200 1# _aОСОБЕННОСТИ ПОСТРОЕНИЯ МАРШРУТОВ БПЛА В УСЛОВИЯХ НЕДОСТАТОЧНОСТИ СИГНАЛОВ ГЛОБАЛЬНЫХ НАВИГАЦИОННЫХ СПУТНИКОВЫХ СИСТЕМ _eСтатья/тезисы конференции 210 1# _aВоронеж _cВоронежский государственный лесотехнический университет имени Г.Ф. Морозова _d2026 215 ## _a7 с. 608 ## _aСтатья/тезисы конференции _2local 675 ## _aИнформационные технологии. Компьютерные технологии. Теория вычислительных машин и систем. 004 _z 700 #1 _aВрагов _gС. А. 700 #1 _aФролов _gС. В. 856 4# _abibl.vgltu.ru _u